Anl. 4a Feststellung der Nichtigkeit einer Ehe wegen Formmangels
| Corporate Author: | |
|---|---|
| Format: | Electronic Article |
| Language: | German |
| Check availability: | HBZ Gateway |
| Interlibrary Loan: | Interlibrary Loan for the Fachinformationsdienste (Specialized Information Services in Germany) |
| Published: |
2024
|
| In: |
Kirchliches Amtsblatt für die Diözese Mainz
Year: 2024, Volume: 166, Issue: 6, Pages: 69-70 |
| RelBib Classification: | CA Christianity XA Law |
| Further subjects: | B
Form
B Holy See (motif) Deutsche Bischofskonferenz B Church wedding |
MARC
| LEADER | 00000naa a22000002c 4500 | ||
|---|---|---|---|
| 001 | 1919465456 | ||
| 003 | DE-627 | ||
| 005 | 20250310172935.0 | ||
| 007 | cr uuu---uuuuu | ||
| 008 | 250310s2024 xx |||||o 00| ||ger c | ||
| 035 | |a (DE-627)1919465456 | ||
| 035 | |a (DE-599)KXP1919465456 | ||
| 040 | |a DE-627 |b ger |c DE-627 |e rda | ||
| 041 | |a ger | ||
| 084 | |a 1 |2 ssgn | ||
| 110 | 2 | |e VerfasserIn |0 (DE-588)1001564-4 |0 (DE-627)102974438 |0 (DE-576)191141542 |4 aut |a Katholische Kirche |b Deutsche Bischofskonferenz | |
| 245 | 1 | 0 | |a Anl. 4a Feststellung der Nichtigkeit einer Ehe wegen Formmangels |
| 264 | 1 | |c 2024 | |
| 336 | |a Text |b txt |2 rdacontent | ||
| 337 | |a Computermedien |b c |2 rdamedia | ||
| 338 | |a Online-Ressource |b cr |2 rdacarrier | ||
| 601 | |a Feststellung | ||
| 601 | |a Nichtigkeit | ||
| 601 | |a Formmangel | ||
| 610 | 2 | 7 | |0 (DE-588)1001564-4 |0 (DE-627)102974438 |0 (DE-576)191141542 |a Katholische Kirche |b Deutsche Bischofskonferenz |2 gnd |
| 650 | 0 | 7 | |0 (DE-588)4163947-9 |0 (DE-627)105451088 |0 (DE-576)209884940 |a Kirchliche Eheschließung |2 gnd |
| 650 | 0 | 7 | |0 (DE-588)4127137-3 |0 (DE-627)105727059 |0 (DE-576)209591110 |a Formular |2 gnd |
| 652 | |a CA:XA | ||
| 773 | 0 | 8 | |i Enthalten in |a Katholische Kirche. Diözese Mainz |t Kirchliches Amtsblatt für die Diözese Mainz |d Mainz : Bischöfliches Ordinariat, 2020 |g 166(2024), 6, Seite 69-70 |h Online-Ressource |w (DE-627)1845775740 |w (DE-600)3158447-0 |7 nnas |
| 773 | 1 | 8 | |g volume:166 |g year:2024 |g number:6 |g pages:69-70 |
| 935 | |a DAKR | ||
| 951 | |a AR | ||
| CAN | |a 1 | ||
| ELC | |a 1 | ||
| LOK | |0 000 xxxxxcx a22 zn 4500 | ||
| LOK | |0 001 4685833872 | ||
| LOK | |0 003 DE-627 | ||
| LOK | |0 004 1919465456 | ||
| LOK | |0 005 20250310172935 | ||
| LOK | |0 008 250310||||||||||||||||ger||||||| | ||
| LOK | |0 040 |a DE-Tue135-3 |c DE-627 |d DE-Tue135-3 | ||
| LOK | |0 092 |o n | ||
| LOK | |0 852 |a DE-Tue135-3 | ||
| LOK | |0 852 1 |9 00 | ||
| LOK | |0 935 |a mszk | ||
| LOK | |0 936ln |0 1442043741 |a CA | ||
| LOK | |0 936ln |0 1442053798 |a XA | ||
| LOK | |0 939 |a 10-03-25 |b l01 | ||
| ORI | |a SA-MARC-ixtheoa001.raw | ||
| REL | |a 1 | ||
| STA | 0 | 0 | |a Church wedding,Form |
| STB | 0 | 0 | |a Formulaire,Mariage religieux |
| STC | 0 | 0 | |a Casamiento cristiano,Formulario |
| STD | 0 | 0 | |a Matrimonio religioso,Modulo |
| STE | 0 | 0 | |a 表格,单子,表 |
| STF | 0 | 0 | |a 基督教婚姻觀,表格,單子,表 |
| STG | 0 | 0 | |a Casamento cristão,Formulário |
| STH | 0 | 0 | |a Венчание,Формуляр |
| STI | 0 | 0 | |a Έντυπο,Θρησκευτικός γάμος |
| SUB | |a CAN |a REL | ||
| SYB | 0 | 0 | |a Deutsche Bischofskonferenz,DBK,Katholische Kirche,Bischofskonferenz Deutschlands,Bischofskonferenz Deutschlands,Katholische Kirche,Bischofskonferenz,Katholische Kirche,Bischofskonferenz,Katholische Kirche,Conferencia Episcopal Alemana,Conferencia Episcopal Alemana,Katholische Kirche,German Bishops' Conference,German Bishops' Conference,Katholische Kirche,Conférence episcopale allemande,Conférence episcopale allemande,Katholische Kirche,Conferência Nacional dos Bispos da Alemanha,Conferência Nacional dos Bispos da Alemanha,Katholische Kirche,Conferenza Episcopale Tedesca,Conferenza Episcopale Tedesca,Katholische Kirche,Conferência Epicopal Alemã,Conferência Epicopal Alemã,Katholische Kirche,Deutsche Bischofskonferenz,Vorsitzender,Katholische Kirche,Deutsche Bischofskonferenz,Pressestelle |
| SYE | 0 | 0 | |a Kirchliche Trauung , Formblatt,Vordruck |



